Čínsky pohľad na ciele udržateľného rozvoja

Východiská prístupu Číny voči rozvojovým cieľom milénia (SDG). Historické pozadie a medzinárodná dimenzia čínskeho postoja. Národný program na implementáciu agendy 2030 pre trvalý rozvoj - základné princípy a všeobecné prístupy pri implementácii SDG.

Saved in:
Bibliographic Details
Main Author: Ondriaš, Juraj, 1988-
Format: Book Chapter
Language:Slovak
Subjects:
Tags: Add Tag
No Tags, Be the first to tag this record!

MARC

LEADER 00000nla a2200000 4500
001 0241156
005 20240502073926.1
041 0 |a slo 
044 |a SK 
245 1 0 |a Čínsky pohľad na ciele udržateľného rozvoja  |c Juraj Ondriaš 
520 |a Východiská prístupu Číny voči rozvojovým cieľom milénia (SDG). Historické pozadie a medzinárodná dimenzia čínskeho postoja. Národný program na implementáciu agendy 2030 pre trvalý rozvoj - základné princípy a všeobecné prístupy pri implementácii SDG. 
610 2 0 |a politika medzinárodná 
610 2 0 |a projekty medzinárodné 
610 2 0 |a Organizácia spojených národov 
610 2 0 |a Čína 
610 2 0 |a rozvoj trvalo udržateľný 
100 1 |a Ondriaš, Juraj, 1988-